| 000 | 00388nam a22001697a 4500 | ||
|---|---|---|---|
| 005 | 20160528124208.0 | ||
| 008 | 160528b xxu||||| |||| 00| 0 eng d | ||
| 020 | _a978-81-317-1547-5 | ||
| 041 | _aeng | ||
| 082 | _b5814 | ||
| 100 |
_aKotler, & Aemstrong _91458 |
||
| 245 | _aPrinciples of Marketing | ||
| 260 | _bPearsons | ||
| 300 | _a557 | ||
| 650 |
_aManagement _9241 |
||
| 942 | _cBK | ||
| 999 |
_c2063 _d2062 |
||